000 00431nam a2200133Ia 4500
008 220204s9999 xx 000 0 und d
082 _a577(06)
_bLEF
100 _aGOLDBETER, A
245 0 _aMolecular movements and chemical reactivity as conditioned by membranes enzymes and other macromolecules:XVIth solvary conference
260 _aNew York
_bWiley
_c1978
650 _aMolecular biology
700 _aLEFEVER, R
942 _cBK
999 _c30593
_d30593